2011 (Record no. 111775)
[ view plain ]
| 000 -LEADER | |
|---|---|
| fixed length control field | 01186cad a22002415a 4500 |
| 001 - CONTROL NUMBER | |
| control field | L151981 |
| 008 - FIXED-LENGTH DATA ELEMENTS--GENERAL INFORMATION | |
| fixed length control field | 110117s2010 xxkbdo f s 000 0 eng d |
| 035 ## - SYSTEM CONTROL NUMBER | |
| System control number | (Sirsi) u151981 |
| 041 0# - LANGUAGE CODE | |
| Language code of text/sound track or separate title | eng |
| 050 04 - LIBRARY OF CONGRESS CALL NUMBER | |
| Classification number | 333.33 $2 18 |
| 110 2# - MAIN ENTRY--CORPORATE NAME | |
| Corporate name or jurisdiction name as entry element | Grubb & Ellis |
| 9 (RLIN) | 5905 |
| 245 00 - TITLE STATEMENT | |
| Title | 2011 |
| Remainder of title | real estate forecast |
| Medium | [electronic resource] |
| 260 ## - PUBLICATION, DISTRIBUTION, ETC. | |
| Place of publication, distribution, etc. | [S.l] |
| Name of publisher, distributor, etc. | Grubb & Ellis |
| Date of publication, distribution, etc. | 2010 |
| 490 #0 - SERIES STATEMENT | |
| Series statement | Grubb & Ellis Real Estate Forecast |
| Volume/sequential designation | 2011 |
| 505 2# - FORMATTED CONTENTS NOTE | |
| Formatted contents note | Overview -- Office -- Industrial -- Retail -- Investment -- Multi housing -- Hospitality -- Senior housing -- Medical office -- Selected specialities -- Company profile -- Grubb & Ellis research -- Office Directory -- Contributors and sources |
| 520 ## - SUMMARY, ETC. | |
| Summary, etc. | Forecasts US real estate performance for 2011 providing a national overview and analyses of the main sectoral and speciality markets. |
| 590 ## - LOCAL NOTE (RLIN) | |
| Local note | KA NTK |
| 651 #4 - SUBJECT ADDED ENTRY--GEOGRAPHIC NAME | |
| Geographic name | United States |
| Chronological subdivision | 1959- |
| 690 ## - LOCAL SUBJECT ADDED ENTRY--TOPICAL TERM (OCLC, RLIN) | |
| Topical term or geographic name as entry element | PROPERTY-COMMERCIAL PROPERTY-COMMERCIAL PROPERTY MARKET |
| 690 ## - LOCAL SUBJECT ADDED ENTRY--TOPICAL TERM (OCLC, RLIN) | |
| Topical term or geographic name as entry element | PROPERTY-COMMERCIAL PROPERTY-COMMERCIAL PROPERTY FINANCE AND INVESTMENT |
| 856 40 - ELECTRONIC LOCATION AND ACCESS | |
| Uniform Resource Identifier | <a href="https://www.grubb-ellis.com/Forecast2011/Default.htm">https://www.grubb-ellis.com/Forecast2011/Default.htm</a> |
| Public note | View the forecast free of charge at www.grubb-ellis.com |
| 942 ## - ADDED ENTRY ELEMENTS (KOHA) | |
| Suppress in OPAC | 0 |
| Withdrawn status | Lost status | Source of classification or shelving scheme | Damaged status | Not for loan | Home library | Current library | Shelving location | Date acquired | Total Checkouts | Full call number | Barcode | Date last seen | Copy number | Price effective from | Koha item type |
|---|---|---|---|---|---|---|---|---|---|---|---|---|---|---|---|
| Dewey Decimal Classification | Virtual | Virtual | Online | 17/01/2011 | ONLINE PUBLICATION | 151981-2001 | 06/08/2019 | 1 | 06/08/2019 | Book |